000 00522nam a22001697a 4500
005 20251108165224.0
008 250721s1988 xx 000 0 ara d
082 1 4 _a922.1/محم
100 1 _aجزر، محمد يس
245 1 0 _aمحمد متولي الشعراوي عالم عصره في عيون معاصرية /
264 1 _aالقاهرة :
_bمكتبة التراث الإسلامي،
_c1988.
300 _a248ص
650 1 7 _aالإسلام
650 1 7 _aالتراجم
942 _2ddc
_cBK
999 _c22529
_d22529